[Event "Dutch Open 2010"]
[Site "Dieren NED"]
[Date "2010.07.28"]
[Round "2.24"]
[White "Van Leent, Dimitri"]
[Black "Kollen, Zyon"]
[Result "0-1"]
[WhiteElo "2209"]
[BlackElo "2002"]
[PlyCount "112"]
[EventDate "2010.07.27"]
[EventType "swiss"]
[EventRounds "9"]
[EventCountry "NED"]
[Source "lmi"]
[SourceDate "2010.07.27"]

1. c4 Nf6 2. g3 g6 3. Bg2 Bg7 4. Nc3 O-O 5. e4 d6 6. Nge2 Nc6 7. O-O e5 8. d3
Be6 9. Nd5 Bxd5 10. cxd5 Ne7 11. b3 Nd7 12. Be3 f5 13. Rc1 Nf6 14. h3 h6 15. f4
Rc8 16. Qd2 Kh7 17. Rc2 Nh5 18. Rfc1 exf4 19. gxf4 c5 20. dxc6 bxc6 21. Rc4 Qd7
22. Ra4 c5 23. Ra6 Nc6 24. e5 dxe5 25. Rxc5 exf4 26. Bf2 Nd4 27. Rd5 Qb7 28.
Rdd6 Nf3+ 29. Bxf3 Qxf3 30. Rxa7 Qxh3 31. Rdd7 Ra8 32. Nxf4 Qg4+ 33. Ng2 Rxa7
34. Rxa7 f4 35. Qb4 Rc8 36. Qd4 Qh3 37. Be1 f3 38. Nf4 Qg4+ 39. Kf1 Kh8 40.
Rxg7 Nxg7 41. Bd2 Rf8 42. Ke1 f2+ 43. Qxf2 Ne6 44. Qa7 Rxf4 45. Bxf4 Qxf4 46.
Qd7 Qc1+ 47. Kf2 Qd2+ 48. Kf1 Ng7 49. b4 Qxb4 50. a4 h5 51. d4 Nf5 52. d5 Qb1+
53. Kf2 Qc2+ 54. Kf3 Qd3+ 55. Kf2 h4 56. Qb7 Qg3+ 0-1

[Event "Dutch Open 2010"]
[Site "Dieren NED"]
[Date "2010.07.28"]
[Round "2.25"]
[White "Siebrecht, Sebastian"]
[Black "Kabanof, Nikolai"]
[Result "1-0"]
[WhiteElo "2417"]
[BlackElo "2146"]
[PlyCount "117"]
[EventDate "2010.07.27"]
[EventType "swiss"]
[EventRounds "9"]
[EventCountry "NED"]
[Source "lmi"]
[SourceDate "2010.07.27"]

1. d4 g6 2. e4 d6 3. Nc3 Bg7 4. Be3 e6 5. Qd2 Nd7 6. Nf3 a6 7. a4 b6 8. Be2 Bb7
9. O-O h6 10. h3 Ne7 11. Nh2 Nf6 12. Bd3 c5 13. f4 c4 14. Bxc4 Nxe4 15. Nxe4
Bxe4 16. Rac1 d5 17. Be2 Nf5 18. Bf2 O-O 19. Ng4 Kh7 20. c3 Qe8 21. b3 Qc6 22.
Ne5 Qb7 23. Ra1 Nd6 24. Rfc1 f6 25. Nd3 Rfc8 26. Bf1 h5 27. Be1 Bh6 28. Qf2 Bf5
29. Qh4 Qf7 30. Be2 g5 31. Qf2 Ne4 32. Qf1 Rg8 33. Kh1 h4 34. Ra2 Rg7 35. fxg5
Bxg5 36. Rd1 Rag8 37. Bf3 Qg6 38. a5 bxa5 39. c4 Qh6 40. Nc5 Be3 41. Bxe4 dxe4
42. Bd2 Bxd2 43. Rdxd2 Bxh3 44. gxh3 Qe3 45. Rf2 Rg3 46. Nxe6 Rxh3+ 47. Rh2 Rf3
48. Rxh4+ Kg6 49. Qg1+ Qxg1+ 50. Kxg1 Kf5+ 51. Rg2 Rxg2+ 52. Kxg2 Rxb3 53. Nc5
Rb2+ 54. Kg3 e3 55. Kf3 e2 56. Rf4+ Kg6 57. Re4 Rc2 58. Rxe2 Rxc4 59. Ke4 1-0

[Event "Dutch Open 2010"]
[Site "Dieren NED"]
[Date "2010.07.29"]
[Round "3.1"]
[White "Brandenburg, Daan"]
[Black "Ernst, Sipke"]
[Result "0-1"]
[WhiteElo "2514"]
[BlackElo "2583"]
[PlyCount "164"]
[EventDate "2010.07.27"]
[EventType "swiss"]
[EventRounds "9"]
[EventCountry "NED"]
[Source "lmi"]
[SourceDate "2010.07.27"]

1. e4 e5 2. Nf3 Nc6 3. Bc4 Nf6 4. d3 h6 5. O-O d6 6. c3 g6 7. d4 Qe7 8. Re1 Bg7
9. Nbd2 O-O 10. h3 Na5 11. Bd3 c5 12. Nf1 Nc6 13. Be3 cxd4 14. cxd4 exd4 15.
Nxd4 Ne5 16. Ng3 d5 17. Bc2 dxe4 18. Nxe4 Nxe4 19. Bxe4 Nc4 20. Qf3 Nxe3 21.
fxe3 Be5 22. Rad1 Kg7 23. Re2 a5 24. Bd3 a4 25. Bc4 Ra5 26. Rf2 Rc5 27. b3 Bb8
28. Rdf1 f5 29. Re2 Re5 30. Bd3 axb3 31. axb3 Ba7 32. Kh1 Re8 33. Bb5 Rd8 34.
Bc4 Bb8 35. Bd3 Qd6 36. Qf4 Re7 37. Qxd6 Bxd6 38. Bc4 h5 39. Rd1 Bc7 40. Red2
Kf6 41. Rd3 Bb6 42. g3 Bxd4 43. exd4 h4 44. gxh4 Rh7 45. d5 Rd6 46. Rd4 Ke5 47.
Kg2 f4 48. Kf3 Rxh4 49. Re4+ Kf5 50. Re8 Rxh3+ 51. Kg2 Bd7 52. Rd8 Kf6 53. Re1
Rh7 54. Kf2 g5 55. Rg1 Rh2+ 56. Ke1 Ra2 57. Rf8+ Ke7 58. Rg8 Ra1+ 59. Kf2 Rxg1
60. Kxg1 Kf6 61. Rb8 b6 62. Kf2 g4 63. Be2 Ke5 64. Bc4 Rh6 65. Rg8 b5 66. Bf1
Rh2+ 67. Kg1 Rd2 68. Rg5+ Kf6 69. Rh5 Rd1 70. d6 Rxd6 71. Bxb5 Bf5 72. Rh8 Rd1+
73. Kf2 Rd2+ 74. Ke1 Rd5 75. Bc4 Ra5 76. Rf8+ Kg5 77. Rg8+ Kh4 78. b4 Ra4 79.
Rb8 Kg3 80. Bb3 Ra3 81. Bc4 f3 82. Rf8 Bd3 0-1

[Event "Dutch Open 2010"]
[Site "Dieren NED"]
[Date "2010.07.29"]
[Round "3.2"]
[White "Mekhitarian, Krikor Sevag"]
[Black "Ikonnikov, Vyacheslav"]
[Result "1/2-1/2"]
[WhiteElo "2511"]
[BlackElo "2578"]
[PlyCount "35"]
[EventDate "2010.07.27"]
[EventType "swiss"]
[EventRounds "9"]
[EventCountry "NED"]
[Source "lmi"]
[SourceDate "2010.07.27"]

1. e4 c5 2. Nf3 Nc6 3. d4 cxd4 4. Nxd4 e5 5. Nb5 d6 6. c4 Be7 7. N1c3 a6 8. Na3
Be6 9. Nc2 Bg5 10. Be2 Bxc1 11. Rxc1 Nge7 12. O-O Ng6 13. g3 O-O 14. Qd2 Qb6
15. Rfd1 Rad8 16. Nd5 Qa7 17. h4 Nge7 18. Qe3 1/2-1/2

[Event "Dutch Open 2010"]
[Site "Dieren NED"]
[Date "2010.07.29"]
[Round "3.3"]
[White "Moradiabadi, Elshan"]
[Black "Fargere, Francois"]
[Result "0-1"]
[WhiteElo "2571"]
[BlackElo "2478"]
[PlyCount "134"]
[EventDate "2010.07.27"]
[EventType "swiss"]
[EventRounds "9"]
[EventCountry "NED"]
[Source "lmi"]
[SourceDate "2010.07.27"]

1. Nf3 d5 2. c4 c6 3. e3 Nf6 4. d4 Bg4 5. h3 Bxf3 6. Qxf3 e6 7. Bd3 Nbd7 8. O-O
Bd6 9. Nd2 O-O 10. e4 dxe4 11. Nxe4 Nxe4 12. Bxe4 Nf6 13. Bc2 e5 14. dxe5 Bxe5
15. Rb1 Re8 16. Be3 Qa5 17. a3 Rad8 18. Rfd1 Rxd1+ 19. Qxd1 h6 20. Qd3 Qc7 21.
Qf5 Rd8 22. b4 Bd4 23. Qf4 Qxf4 24. Bxf4 Nh5 25. Bc1 Ng3 26. Bb2 Bxb2 27. Rxb2
Ne2+ 28. Kf1 Nf4 29. g3 Nd3 30. Bxd3 Rxd3 31. a4 Rc3 32. c5 Kf8 33. b5 Rxc5 34.
bxc6 b6 35. Rd2 Rxc6 36. Rd7 a6 37. Rb7 g5 38. Ke2 Kg7 39. Kd3 h5 40. Ra7 a5
41. Rb7 Kg6 42. Ke3 Rc3+ 43. Ke4 Rc4+ 44. Kf3 Rb4 45. g4 h4 46. Rd7 Kf6 47. Rd5
Rxa4 48. Rd6+ Ke7 49. Rxb6 Rb4 50. Ra6 a4 51. Ra7+ Kf6 52. Ra6+ Kg7 53. Kg2 Rf4
54. Ra7 Kf8 55. Kf1 Ke8 56. Ke2 Kd8 57. Rb7 Kc8 58. Re7 Kb8 59. Re3 Kb7 60. f3
Kb6 61. Kd2 f6 62. Kc2 Kc5 63. Kc3 Rc4+ 64. Kb2 Kb4 65. Ka2 Rc2+ 66. Kb1 Rc3
67. Re4+ Kb3 0-1

[Event "Dutch Open 2010"]
[Site "Dieren NED"]
[Date "2010.07.29"]
[Round "3.4"]
[White "Zoler, Dan"]
[Black "Milov, Leonid"]
[Result "1/2-1/2"]
[WhiteElo "2474"]
[BlackElo "2562"]
[PlyCount "60"]
[EventDate "2010.07.27"]
[EventType "swiss"]
[EventRounds "9"]
[EventCountry "NED"]
[Source "lmi"]
[SourceDate "2010.07.27"]

1. d4 d5 2. c4 c6 3. Nf3 Nf6 4. Nc3 dxc4 5. a4 Bf5 6. Ne5 Nbd7 7. Nxc4 Nb6 8.
Ne5 a5 9. g3 Nfd7 10. Nxd7 Qxd7 11. e4 Bh3 12. Bxh3 Qxh3 13. Qb3 Ra6 14. Be3 e6
15. Ke2 Bb4 16. Na2 Nd7 17. Nxb4 Rb6 18. Bd2 O-O 19. Qc4 axb4 20. a5 Rb5 21. a6
Qg2 22. Ke3 e5 23. Rhg1 Qh3 24. d5 Nb6 25. Qd3 f5 26. dxc6 bxc6 27. a7 Qh5 28.
g4 fxg4 29. Qb3+ Kh8 30. Rg3 Qe8 1/2-1/2

[Event "Dutch Open 2010"]
[Site "Dieren NED"]
[Date "2010.07.29"]
[Round "3.5"]
[White "Pruijssers, Roeland"]
[Black "Haub, Thorsten Michael"]
[Result "1-0"]
[WhiteElo "2462"]
[BlackElo "2518"]
[PlyCount "75"]
[EventDate "2010.07.27"]
[EventType "swiss"]
[EventRounds "9"]
[EventCountry "NED"]
[Source "lmi"]
[SourceDate "2010.07.27"]

1. e4 g6 2. d4 Bg7 3. Nc3 d6 4. f4 a6 5. Nf3 e6 6. Bd3 Ne7 7. O-O O-O 8. Be3 f5
9. Qd2 Nd7 10. e5 Nb6 11. Bf2 Bh6 12. Ne2 Bd7 13. c4 d5 14. c5 Nbc8 15. b4 Bb5
16. a4 Bxd3 17. Qxd3 Nc6 18. Be1 b6 19. Bd2 Nb8 20. b5 c6 21. a5 bxc5 22. b6
Qd7 23. dxc5 Re8 24. Ned4 Qb7 25. Rfc1 Nd7 26. Nxc6 Bf8 27. Bb4 Qxc6 28. Nd4
Nxc5 29. Bxc5 Bxc5 30. Kf1 Qb7 31. Rxc5 Nxb6 32. axb6 Qxb6 33. Rc6 Qb2 34. Qc3
Rab8 35. Qxb2 Rxb2 36. Rxe6 Reb8 37. Rexa6 R8b4 38. R6a4 1-0

[Event "Dutch Open 2010"]
[Site "Dieren NED"]
[Date "2010.07.29"]
[Round "3.6"]
[White "L'Ami, Erwin"]
[Black "Visser, Yge"]
[Result "1-0"]
[WhiteElo "2620"]
[BlackElo "2469"]
[PlyCount "79"]
[EventDate "2010.07.27"]
[EventType "swiss"]
[EventRounds "9"]
[EventCountry "NED"]
[Source "lmi"]
[SourceDate "2010.07.27"]

1. d4 Nf6 2. c4 g6 3. Nc3 Bg7 4. e4 O-O 5. Nf3 c6 6. Be2 d6 7. O-O Na6 8. Bg5
h6 9. Be3 Ng4 10. Bf4 Nc7 11. Qd2 Ne6 12. Bg3 Nf6 13. h3 d5 14. exd5 cxd5 15.
Be5 b6 16. Bxf6 exf6 17. Nxd5 Bb7 18. Nf4 Ng5 19. d5 Ne4 20. Qc2 f5 21. Bd3 Qd6
22. g3 Rac8 23. Rad1 b5 24. b3 Nc3 25. Rd2 Rfe8 26. h4 Ba6 27. h5 g5 28. Ng2
Ne4 29. Re2 bxc4 30. bxc4 Qc5 31. Rfe1 Nd6 32. Rxe8+ Rxe8 33. Rxe8+ Nxe8 34.
Qa4 Nc7 35. Qd7 Bxc4 36. Qc8+ Bf8 37. Bxc4 Qxc4 38. d6 Qd5 39. dxc7 Qxf3 40.
Qd8 1-0

[Event "Dutch Open 2010"]
[Site "Dieren NED"]
[Date "2010.07.29"]
[Round "3.7"]
[White "Iotov, Valentin"]
[Black "Huhndorf, Arnold"]
[Result "1-0"]
[WhiteElo "2581"]
[BlackElo "2311"]
[PlyCount "59"]
[EventDate "2010.07.27"]
[EventType "swiss"]
[EventRounds "9"]
[EventCountry "NED"]
[Source "lmi"]
[SourceDate "2010.07.27"]

1. d4 e6 2. c4 Nf6 3. Nf3 c5 4. d5 exd5 5. cxd5 d6 6. Nc3 g6 7. Bf4 a6 8. a4
Qe7 9. h3 Bg7 10. e3 O-O 11. Be2 Nbd7 12. O-O Ne8 13. Nd2 Rb8 14. a5 Ne5 15.
Na4 Bd7 16. Nb6 Bb5 17. Bxe5 Bxe5 18. Rb1 f5 19. Nf3 Bg7 20. b4 Bxe2 21. Qxe2
Bc3 22. bxc5 Bxa5 23. Qa2 Bxb6 24. Rxb6 dxc5 25. d6+ Qf7 26. Qxf7+ Rxf7 27. Ne5
Nxd6 28. Rxd6 Rc7 29. Nd7 Ra8 30. Rc1 1-0

[Event "Dutch Open 2010"]
[Site "Dieren NED"]
[Date "2010.07.29"]
[Round "3.8"]
[White "Neverov, Valeriy"]
[Black "Akrawi, Samir"]
[Result "1-0"]
[WhiteElo "2544"]
[BlackElo "2247"]
[PlyCount "95"]
[EventDate "2010.07.27"]
[EventType "swiss"]
[EventRounds "9"]
[EventCountry "NED"]
[Source "lmi"]
[SourceDate "2010.07.27"]

1. d4 f5 2. Nc3 d5 3. Bf4 c6 4. e3 Nf6 5. Bd3 e6 6. Nf3 Bd6 7. Ne2 Qe7 8. O-O
Nbd7 9. c4 Ne4 10. Rc1 O-O 11. a3 Ndf6 12. c5 Bc7 13. b4 a6 14. h3 h6 15. Ne5
Kh7 16. f3 Ng5 17. Qc2 Nf7 18. e4 Nxe5 19. Bxe5 g6 20. Bd6 Bxd6 21. cxd6 Qd8
22. e5 Ne8 23. Kh2 Bd7 24. f4 Ng7 25. Rf3 Kg8 26. Rg1 Kh7 27. g4 Rg8 28. Rfg3
Qb6 29. Qc5 Qd8 30. R1g2 a5 31. Qc1 axb4 32. axb4 Qb6 33. Qc5 Qd8 34. Nc1 b6
35. Qc2 Qh4 36. Ne2 Qd8 37. Ng1 Qb8 38. Nf3 Qd8 39. Qc1 Qf8 40. Nh4 Qf7 41.
Nxg6 Ra4 42. Ne7 Rga8 43. gxf5 Nxf5 44. Bxf5+ exf5 45. Rg7+ Qxg7 46. Rxg7+ Kxg7
47. Qg1+ Kh8 48. Qg6 1-0

[Event "Dutch Open 2010"]
[Site "Dieren NED"]
[Date "2010.07.29"]
[Round "3.9"]
[White "Kollen, Zyon"]
[Black "Michalczak, Thomas"]
[Result "1-0"]
[WhiteElo "2002"]
[BlackElo "2367"]
[PlyCount "59"]
[EventDate "2010.07.27"]
[EventType "swiss"]
[EventRounds "9"]
[EventCountry "NED"]
[Source "lmi"]
[SourceDate "2010.07.27"]

1. e4 e5 2. Nf3 Nc6 3. Bb5 a6 4. Bxc6 dxc6 5. O-O Bg4 6. h3 Bh5 7. g4 Bg6 8.
Nxe5 Qd4 9. Nf3 Qd7 10. d3 O-O-O 11. Nc3 f6 12. Bf4 Bf7 13. Kg2 g5 14. Nxg5 Bg6
15. Nf3 h5 16. Nh4 Bf7 17. Nf5 Be6 18. f3 Ne7 19. Ne2 Ng6 20. Bg3 Bd6 21. Nxd6+
cxd6 22. Nd4 Rdg8 23. Qd2 hxg4 24. hxg4 Bxg4 25. fxg4 Qxg4 26. Kf2 Nh4 27. Qf4
Qh3 28. Rg1 Kb8 29. Bxh4 Rxg1 30. Rxg1 1-0

[Event "Dutch Open 2010"]
[Site "Dieren NED"]
[Date "2010.07.29"]
[Round "3.10"]
[White "Van Delft, Merijn"]
[Black "Klein, David"]
[Result "1/2-1/2"]
[WhiteElo "2364"]
[BlackElo "2297"]
[PlyCount "41"]
[EventDate "2010.07.27"]
[EventType "swiss"]
[EventRounds "9"]
[EventCountry "NED"]
[Source "lmi"]
[SourceDate "2010.07.27"]

1. e4 c5 2. Nf3 e6 3. d4 cxd4 4. Nxd4 Nc6 5. Nc3 Qc7 6. Be3 Nf6 7. Qd2 Be7 8.
O-O-O a6 9. f3 h5 10. Bg5 b5 11. Nxc6 dxc6 12. g3 e5 13. h4 Be6 14. Bh3 Bxh3
15. Rxh3 Rd8 16. Qe2 Rxd1+ 17. Nxd1 Nd7 18. Bxe7 Kxe7 19. Ne3 g6 20. Rh1 Nc5
21. Rd1 1/2-1/2

[Event "Dutch Open 2010"]
[Site "Dieren NED"]
[Date "2010.07.29"]
[Round "3.11"]
[White "Swinkels, Robin"]
[Black "Mostertman, Milan"]
[Result "0-1"]
[WhiteElo "2483"]
[BlackElo "2207"]
[PlyCount "120"]
[EventDate "2010.07.27"]
[EventType "swiss"]
[EventRounds "9"]
[EventCountry "NED"]
[Source "lmi"]
[SourceDate "2010.07.27"]

1. d4 Nf6 2. c4 e6 3. g3 d5 4. Nf3 Be7 5. Bg2 O-O 6. O-O dxc4 7. Qc2 a6 8. Qxc4
b5 9. Qc2 Bb7 10. Bd2 Ra7 11. Rc1 Be4 12. Qb3 Nc6 13. e3 Qa8 14. Qd1 b4 15. Qf1
Rd8 16. Be1 a5 17. Nbd2 Bd5 18. Rc2 a4 19. Rac1 Bd6 20. Ng5 Bxg2 21. Qxg2 Na5
22. Nc4 Nxc4 23. Rxc4 Qd5 24. Nf3 Qb5 25. Nd2 Nd5 26. Ne4 Nc3 27. Nxd6 cxd6 28.
Rxb4 Qxb4 29. Bxc3 Qb5 30. a3 d5 31. Qf1 Qd7 32. Bb4 Rc8 33. Rxc8+ Qxc8 34. Qb5
h6 35. Kg2 Ra8 36. h4 Qa6 37. Qd7 Rc8 38. Bc3 Qc6 39. Qe7 Re8 40. Qa7 e5 41.
Qa5 e4 42. Qb4 Re6 43. b3 axb3 44. Qxb3 Rf6 45. Bb4 Qe6 46. Qd1 Qf5 47. Qe2 g5
48. hxg5 hxg5 49. Kf1 Rh6 50. Ke1 Qc8 51. Kd2 Rh1 52. Bc3 Qc6 53. Kc2 Qa4+ 54.
Kb2 f5 55. Bb4 Kf7 56. Be1 Ke6 57. Bb4 Qd1 58. Qa6+ Kf7 59. Qb7+ Kg6 60. Qxd5
Qb1+ 0-1

[Event "Dutch Open 2010"]
[Site "Dieren NED"]
[Date "2010.07.29"]
[Round "3.12"]
[White "Bus, Tom"]
[Black "Pedersen, Nicolai Vesterba"]
[Result "0-1"]
[WhiteElo "2179"]
[BlackElo "2461"]
[PlyCount "66"]
[EventDate "2010.07.27"]
[EventType "swiss"]
[EventRounds "9"]
[EventCountry "NED"]
[Source "lmi"]
[SourceDate "2010.07.27"]

1. c4 Nf6 2. g3 e6 3. Bg2 d5 4. Nf3 dxc4 5. Qa4+ c6 6. Qxc4 b5 7. Qc2 Bb7 8. d4
Nbd7 9. O-O c5 10. a4 b4 11. Bg5 Rc8 12. dxc5 Bxc5 13. Qd3 O-O 14. Nbd2 h6 15.
Bxf6 Nxf6 16. Qxd8 Rfxd8 17. Rac1 e5 18. Nb3 Bd6 19. Nh4 Ba6 20. Rxc8 Rxc8 21.
Nf5 Bf8 22. Rc1 Rd8 23. Bf1 Bc8 24. Ne3 Be6 25. Nc4 Nd7 26. e3 Nb6 27. Nxb6
Bxb3 28. Bc4 Rd1+ 29. Rxd1 Bxd1 30. Nd7 Bd6 31. b3 Bg4 32. Bb5 Be6 33. f4 f6
0-1

[Event "Dutch Open 2010"]
[Site "Dieren NED"]
[Date "2010.07.29"]
[Round "3.14"]
[White "Theulings, Paul-Peter"]
[Black "Siebrecht, Sebastian"]
[Result "0-1"]
[WhiteElo "2175"]
[BlackElo "2417"]
[PlyCount "72"]
[EventDate "2010.07.27"]
[EventType "swiss"]
[EventRounds "9"]
[EventCountry "NED"]
[Source "lmi"]
[SourceDate "2010.07.27"]

1. Nf3 d5 2. d4 c6 3. c4 Nf6 4. Nc3 e6 5. Bg5 h6 6. Bh4 Be7 7. e3 O-O 8. Qc2
Nbd7 9. Rd1 a6 10. a3 Re8 11. Bd3 b5 12. cxd5 cxd5 13. O-O Bb7 14. Bg3 Rc8 15.
Qb1 Nb6 16. Ne5 Nc4 17. Nxc4 dxc4 18. Bc2 Qb6 19. f3 a5 20. Ne4 b4 21. axb4
axb4 22. b3 c3 23. Nf2 Ra8 24. Nd3 Ra3 25. Ne5 Qa7 26. Bh4 Ra2 27. Bxf6 Bxf6
28. Rf2 Ra8 29. Bh7+ Kf8 30. Be4 Rxf2 31. Kxf2 Qa2+ 32. Kg3 Qxb1 33. Bxb1 Bxe5+
34. dxe5 Bd5 35. Bc2 Ra2 36. e4 Rxc2 0-1

[Event "Dutch Open 2010"]
[Site "Dieren NED"]
[Date "2010.07.29"]
[Round "3.15"]
[White "Miedema, David"]
[Black "Bijlsma, Nick"]
[Result "1-0"]
[WhiteElo "2414"]
[BlackElo "2173"]
[PlyCount "73"]
[EventDate "2010.07.27"]
[EventType "swiss"]
[EventRounds "9"]
[EventCountry "NED"]
[Source "lmi"]
[SourceDate "2010.07.27"]

1. d4 Nf6 2. c4 g6 3. Nc3 d5 4. cxd5 Nxd5 5. e4 Nxc3 6. bxc3 Bg7 7. Bc4 c5 8.
Ne2 Nc6 9. Be3 O-O 10. O-O Na5 11. Bd3 cxd4 12. cxd4 b6 13. Qa4 e6 14. Rac1 Bd7
15. Qa3 Re8 16. Bf4 e5 17. dxe5 Bxe5 18. Bxe5 Rxe5 19. Nf4 Bc6 20. Qb2 Qg5 21.
Nh3 Qe7 22. f3 Rd8 23. Nf2 Re6 24. Rc3 Qf6 25. Rfc1 h5 26. Qe2 Qd4 27. Kh1 Be8
28. h3 Rc6 29. Rxc6 Bxc6 30. f4 Bb7 31. f5 Qe5 32. fxg6 fxg6 33. Qe3 Rc8 34.
Rd1 Qc5 35. Qg3 Kg7 36. e5 Qc6 37. Be4 1-0

[Event "Dutch Open 2010"]
[Site "Dieren NED"]
[Date "2010.07.29"]
[Round "3.16"]
[White "Odendahl, Reiner"]
[Black "Vermeulen, Wesley"]
[Result "1/2-1/2"]
[WhiteElo "2382"]
[BlackElo "2173"]
[PlyCount "38"]
[EventDate "2010.07.27"]
[EventType "swiss"]
[EventRounds "9"]
[EventCountry "NED"]
[Source "lmi"]
[SourceDate "2010.07.27"]

1. c4 Nf6 2. Nc3 g6 3. e4 e5 4. g3 Bg7 5. Bg2 c5 6. Nge2 O-O 7. O-O d6 8. d3
Nc6 9. f4 Nd4 10. h3 Ne8 11. Nxd4 cxd4 12. Nd5 f5 13. Kh2 Nc7 14. Nxc7 Qxc7 15.
Bd2 a5 16. a3 Bd7 17. b4 axb4 18. axb4 Rxa1 19. Qxa1 b5 1/2-1/2

[Event "Dutch Open 2010"]
[Site "Dieren NED"]
[Date "2010.07.29"]
[Round "3.18"]
[White "Zelbel, Patrick"]
[Black "Timmermans, Mark"]
[Result "1/2-1/2"]
[WhiteElo "2345"]
[BlackElo "2169"]
[PlyCount "122"]
[EventDate "2010.07.27"]
[EventType "swiss"]
[EventRounds "9"]
[EventCountry "NED"]
[Source "lmi"]
[SourceDate "2010.07.27"]

1. e4 e5 2. f4 exf4 3. Nf3 g5 4. Nc3 Bg7 5. d4 d6 6. g3 g4 7. Nh4 f3 8. Be3 c6
9. Qd2 Ne7 10. O-O-O d5 11. Bg5 Be6 12. Re1 h6 13. Bxe7 Kxe7 14. Nxd5+ cxd5 15.
Qb4+ Ke8 16. Qxb7 dxe4 17. Rxe4 Nd7 18. Bb5 Rb8 19. Rxe6+ fxe6 20. Bxd7+ Qxd7
21. Qxb8+ Kf7 22. Qf4+ Bf6 23. Qxg4 f2 24. Rf1 Qxd4 25. Qxd4 Bxd4 26. Nf3 Bb6
27. Ne5+ Kg7 28. Nd3 Rf8 29. Kd1 Rf3 30. Ke2 Re3+ 31. Kd2 Rf3 32. Ke2 Re3+ 33.
Kd2 Rf3 34. Ne5 Rf5 35. Nc4 Bc5 36. Ne3 Rf3 37. Nd1 Rf5 38. Ne3 Rf3 39. Ng4 Rf5
40. Ke2 h5 41. Nxf2 Re5+ 42. Kd3 Rf5 43. Ke2 Re5+ 44. Kf3 Re3+ 45. Kf4 e5+ 46.
Kf5 Rf3+ 47. Kxe5 Bxf2 48. Rd1 Bb6 49. Rd2 Rf1 50. c4 Kf7 51. Rc2 Ke7 52. c5
Bc7+ 53. Kd5 Kd7 54. b4 Rf5+ 55. Ke4 Re5+ 56. Kd4 h4 57. gxh4 Rh5 58. b5 Rxh4+
59. Kd5 Rh5+ 60. Kc4 Rh4+ 61. Kd5 Rh5+ 1/2-1/2

[Event "Dutch Open 2010"]
[Site "Dieren NED"]
[Date "2010.07.29"]
[Round "3.19"]
[White "Afek, Yochanan"]
[Black "Hendrikx, Niels"]
[Result "0-1"]
[WhiteElo "2310"]
[BlackElo "2108"]
[PlyCount "132"]
[EventDate "2010.07.27"]
[EventType "swiss"]
[EventRounds "9"]
[EventCountry "NED"]
[Source "lmi"]
[SourceDate "2010.07.27"]

1. e4 e6 2. d4 d5 3. e5 c5 4. c3 Nc6 5. Nf3 Bd7 6. Be2 Nge7 7. Na3 Nf5 8. Nc2
cxd4 9. cxd4 Be7 10. Bd3 O-O 11. g4 Nh4 12. Nxh4 Bxh4 13. g5 Bxg5 14. Qh5 h6
15. Rg1 Bxc1 16. Rxc1 f5 17. Qxh6 Rf7 18. Kd2 Qa5+ 19. Ke2 Qxa2 20. Rg5 f4 21.
Kf3 Qb3 22. Qh7+ Kf8 23. Rcg1 Ke7 24. Rxg7 Raf8 25. Ke2 Be8 26. Rxf7+ Rxf7 27.
Rg7 f3+ 28. Kd2 Qxb2 29. Bg6 Rxg7 30. Qxg7+ Kd8 31. Qf8 Nxd4 32. Qxe8+ Kc7 33.
Qe7+ Kc8 34. Qc5+ Nc6 35. Qf8+ Kc7 36. Qd6+ Kb6 37. Qxe6 Qb5 38. Bd3 Qc5 39.
Qh6 Qxf2+ 40. Kc1 Qg1+ 41. Kb2 Kc7 42. Qf4 Qb6+ 43. Ka2 Qa5+ 44. Na3 Nb4+ 45.
Kb3 Nxd3 46. Qf7+ Kb8 47. Qg8+ Kc7 48. Qh7+ Kc6 49. Qg6+ Kc5 50. Qd6+ Kd4 51.
Nc2+ Ke4 52. Qg6+ Kxe5 53. Qxd3 Qb6+ 54. Ka2 Qa6+ 55. Qxa6 bxa6 56. h4 f2 57.
Ne3 Kf4 58. Nf1 Kg4 59. Kb3 Kxh4 60. Kc3 a5 61. Kd4 a4 62. Kc3 Kh3 63. Kb4 Kg2
64. Nd2 f1=Q 65. Nxf1 Kxf1 66. Kxa4 d4 0-1

[Event "Dutch Open 2010"]
[Site "Dieren NED"]
[Date "2010.07.29"]
[Round "3.20"]
[White "Diepeveen, Vincent"]
[Black "Monsma, Menno"]
[Result "1/2-1/2"]
[WhiteElo "2294"]
[BlackElo "2073"]
[PlyCount "115"]
[EventDate "2010.07.27"]
[EventType "swiss"]
[EventRounds "9"]
[EventCountry "NED"]
[Source "lmi"]
[SourceDate "2010.07.27"]

1. d4 e6 2. c4 Nf6 3. a3 d5 4. Nc3 c6 5. cxd5 exd5 6. Bg5 Be7 7. e3 Bf5 8. Nf3
Nbd7 9. Bd3 Bxd3 10. Qxd3 O-O 11. O-O Re8 12. b4 a6 13. Rab1 Ne4 14. Bxe7 Qxe7
15. a4 Nb6 16. Ra1 Qxb4 17. Rfb1 Qxc3 18. Qxc3 Nxc3 19. Rxb6 Re7 20. Nd2 Kf8
21. Ra3 Ne4 22. Nxe4 dxe4 23. Rab3 Ra7 24. f3 exf3 25. gxf3 Ke8 26. e4 Rd7 27.
d5 cxd5 28. exd5 Rxd5 29. Rxb7 Rxb7 30. Rxb7 Rd4 31. a5 Rd5 32. Rb8+ Ke7 33.
Rb7+ Kf8 34. Rb8+ Ke7 35. Rb7+ Ke6 36. Rb6+ Rd6 37. Rb7 g6 38. Kg2 Rd5 39. Rb6+
Rd6 40. Rb7 h5 41. Kg3 f6 42. Kf4 g5+ 43. Ke4 f5+ 44. Ke3 h4 45. Rh7 Kf6 46.
Rh8 h3 47. Rh6+ Ke5 48. Rxh3 Rd5 49. Rh5 Rxa5 50. Rxg5 Ra3+ 51. Kf2 Kf4 52. h4
Rxf3+ 53. Kg2 Ra3 54. Rg6 Ra2+ 55. Kh3 Ra3+ 56. Kg2 Ra2+ 57. Kh3 Ra1 58. Kg2
1/2-1/2

[Event "Dutch Open 2010"]
[Site "Dieren NED"]
[Date "2010.07.29"]
[Round "3.22"]
[White "Rijnaarts, Sjef"]
[Black "Kahleys, Kevin"]
[Result "1/2-1/2"]
[WhiteElo "2264"]
[BlackElo "2071"]
[PlyCount "64"]
[EventDate "2010.07.27"]
[EventType "swiss"]
[EventRounds "9"]
[EventCountry "NED"]
[Source "lmi"]
[SourceDate "2010.07.27"]

1. e4 e6 2. d4 d5 3. Nc3 Nc6 4. e5 f6 5. Bb5 Bd7 6. Nf3 a6 7. Bxc6 Bxc6 8. O-O
f5 9. a3 Qd7 10. Be3 g6 11. Qd2 h6 12. Ne1 g5 13. f4 g4 14. Nd3 b6 15. Rfb1 Ne7
16. b4 Ng6 17. Qe2 Kf7 18. a4 Be7 19. a5 b5 20. Na2 Bb7 21. Nac1 c6 22. Nb3 Bc8
23. Nbc5 Bxc5 24. Nxc5 Qe7 25. Nd3 Bd7 26. Bf2 Rag8 27. Qd2 h5 28. Qc3 h4 29.
Qc5 Qxc5 30. Nxc5 Bc8 31. Be3 h3 32. g3 Nf8 1/2-1/2

[Event "Dutch Open 2010"]
[Site "Dieren NED"]
[Date "2010.07.29"]
[Round "3.23"]
[White "Merza, Morris"]
[Black "Sprangers, Remco"]
[Result "1-0"]
[WhiteElo "2063"]
[BlackElo "2260"]
[PlyCount "127"]
[EventDate "2010.07.27"]
[EventType "swiss"]
[EventRounds "9"]
[EventCountry "NED"]
[Source "lmi"]
[SourceDate "2010.07.27"]

1. e4 e6 2. Nf3 c5 3. c3 d5 4. exd5 exd5 5. d4 Bd6 6. Be3 c4 7. b3 cxb3 8. axb3
Ne7 9. Bd3 Nbc6 10. O-O Bg4 11. Nbd2 Qc7 12. Re1 Bxh2+ 13. Kf1 Bf4 14. Bxf4
Qxf4 15. b4 Nd8 16. Bb5+ Kf8 17. Qc2 Ne6 18. Ne5 Bf5 19. Bd3 Qh2 20. Ndf3 Qh1+
21. Ng1 Nf4 22. f3 Nxd3 23. Nxd3 Ng6 24. Qe2 Bxd3 25. Qxd3 Qxg2+ 26. Kxg2 Nf4+
27. Kg3 Nxd3 28. Re2 g5 29. Nh3 Rg8 30. Rd1 Nf4 31. Nxf4 gxf4+ 32. Kxf4 Rg6 33.
Rh1 Rc8 34. Rc2 h6 35. Rh5 Rd6 36. Ke5 Ke7 37. Rf5 a6 38. Rxf7+ Kxf7 39. Kxd6
Rc6+ 40. Kxd5 h5 41. c4 h4 42. Rh2 Rh6 43. c5 h3 44. Ke5 Re6+ 45. Kf5 Rf6+ 46.
Kg4 Rg6+ 47. Kf5 Rf6+ 48. Ke4 Re6+ 49. Kd3 Rh6 50. d5 Rh4 51. Kc3 Kf6 52. d6
Ke6 53. f4 Kd7 54. f5 b6 55. f6 bxc5 56. bxc5 Kc6 57. f7 Rf4 58. Rxh3 Rxf7 59.
Rh5 Rf4 60. Rh8 Rf5 61. Rc8+ Kd7 62. Rc7+ Ke6 63. d7 Ke7 64. c6 1-0